<?xml version="1.0" encoding="UTF-8"?>
<collection xmlns="http://www.loc.gov/MARC21/slim">
 <record>
  <leader>01569nam a2200217Ia 4500</leader>
  <controlfield tag="001">CTU_100389</controlfield>
  <controlfield tag="008">210402s9999    xx            000 0 und d</controlfield>
  <datafield tag="020" ind1=" " ind2=" ">
   <subfield code="c">2523000</subfield>
  </datafield>
  <datafield tag="082" ind1=" " ind2=" ">
   <subfield code="a">541.395</subfield>
  </datafield>
  <datafield tag="082" ind1=" " ind2=" ">
   <subfield code="b">G769</subfield>
  </datafield>
  <datafield tag="100" ind1=" " ind2=" ">
   <subfield code="a">Grassian, Vicki H</subfield>
  </datafield>
  <datafield tag="245" ind1=" " ind2="0">
   <subfield code="a">Environmental catalysis</subfield>
  </datafield>
  <datafield tag="245" ind1=" " ind2="0">
   <subfield code="c">Vicki H Grassian</subfield>
  </datafield>
  <datafield tag="260" ind1=" " ind2=" ">
   <subfield code="a">Boca Raton</subfield>
  </datafield>
  <datafield tag="260" ind1=" " ind2=" ">
   <subfield code="b">Taylor &amp; Francis</subfield>
  </datafield>
  <datafield tag="260" ind1=" " ind2=" ">
   <subfield code="c">2005</subfield>
  </datafield>
  <datafield tag="520" ind1=" " ind2=" ">
   <subfield code="a">The study of environmental interfaces and catalysis is central to finding more effective solutions to air pollution and understanding the impact that pollution has on natural systems. Environmental Catalysis covers concepts, applications, techniques, and methods related to a broad range of topics in environmental catalysis, providing a mix of theory, computation, analysis, and synthesis throughout. Divided into three parts, the first focuses on surface adsorption and catalysis of airborne particles, including ice, dust, soot and mineral surfaces as well as particles in contact with ground water. The second treats catalysis as the key technology for the treatment of emissions and waste, focusing on catalytic converters and the role of various catalysts including the use of biocatalysts. The last section focuses on catalysis in engineered systems as applied to green chemistry, using of selective oxidation reactions, enzymes reactions, and reactions in alternative solvents as key examples.</subfield>
  </datafield>
  <datafield tag="650" ind1=" " ind2=" ">
   <subfield code="a">Catalysis,Environmental chemistry</subfield>
  </datafield>
  <datafield tag="650" ind1=" " ind2=" ">
   <subfield code="x">Environmental aspects</subfield>
  </datafield>
  <datafield tag="904" ind1=" " ind2=" ">
   <subfield code="i">Truc</subfield>
  </datafield>
  <datafield tag="980" ind1=" " ind2=" ">
   <subfield code="a">Trung tâm Học liệu Trường Đại học Cần Thơ</subfield>
  </datafield>
 </record>
</collection>
